000 02679nam a22002897a 4500
003 URS
005 20251027110429.0
008 251013b ||||| |||| 00| 0 eng d
040 _cURS
043 _aURS
245 _aPuppetry Technique in Listening Comprehension for Grade 3 Learners
_b/ Bernardino, Ann Margarette F.... [et al.].
260 _cAugust 2024
300 _a72 leaves :
_c28 cm.
336 _2rdacontent
_atext
337 _2rdamedia
_aunmediated
338 _2rdacarrier
_avolume
502 _aThesis
_bBachelor of Elementary Education
_cUniversity of Rizal System-Morong
_d2024
520 _aEXECUTIVE SUMMARY: This study was conducted to determine the performance of the Grade 3 learners before and after exposure to Puppetry Technique in Listening Comprehension. It was conducted in a face-to-face class at the University of Rizal System Morong Campus, Laboratory Schools during the School Year 2023-2024, using puppets as the instructional material. The respondents consisted of 24 Grade 3 learners. The researchers developed pretest and posttest assessments, which were validated by experts and underwent item analysis. An experimental method was used, involving one section of respondents. The researchers collected relevant data by administering pre-test and post- test assessments to the study participants. Based on the analysis and interpretation of data: It was found out that the level of performance of the Grade 3 learners was improved as revealed by the pre-test and post-test. The performance of the Grade 3 learners differs significantly as revealed by the post-test results. Based on the findings of the study, it was concluded that the Grade 3 learners performed better after the exposure to the puppetry technique. Based on the findings and conclusions drawn, it is recommended that: puppetry techniques may be utilized in teaching elementary learners to enhance their academic performance; they may be incorporated as an entertaining strategy in teaching elementary learners to promote engagement and learning; and parallel studies on different puppetry techniques, considering other subject areas, may be conducted to further explore their effectiveness in teaching elementary learners.
700 _aBernardino, Ann Margarette F.
_eauthor
700 _aGonzales, Michelle G.
_eauthor
700 _aGuido, Erica K.
_eauthor
700 _aHorquia, Mylene B.
_eauthor
700 _aAterrado, Johhane SJ.
_eauthor
856 _3Online Request for Student Unpublished Works
_uhttps://forms.gle/7LqvGGkaDrUQqz429
856 _uhttps://drive.google.com/file/d/1qwJXEq7YNAtvKci8T4kA9na510a0Ng-H/view?usp=drive_link
942 _2lcc
_cT
999 _c87391
_d87388